Datum a čas kvízu
32.5
Celkem bodů
Celkový počet nahraných bodů na tomto kvízu bez doplňovacích otázek.
7.
Pořadí na kvízu
Konečné umístění týmu na tomto kvízu.
Zaznamenané odpovědi
| # | Otázka | Odpověď | Body | Výsledky |
|---|---|---|---|---|
| 1. | Minulý týden byly vyhlášeny vý... | Pavel Pafko | 1 | |
| 2. | V sousedním Rakousku před něko... | Sebastian Kurz | 1 | |
| 3. | Známá australská skupina vydal... | Nick Cave | 1 | |
| 4. | Minulý týden jsme se dozvěděli... | Lime | 0 | |
| 5. | Horolezec Radek Jaroš jako šes... | Kilimandžáro/ Uhuru | 0 | |
| 6. | Napíšete-li název afghánské le... | Bagrám | 0 | |
| 7. | Jak se jmenuje současný náčeln... | Aleš Opata | 0 | |
| 8. | Jak se nazývá město, u něhož s... | Čáslav | 0 | |
| 9. | Jednou z prvních zahraničních... | Kosovo | 1 | |
| 10. | Napište čtyřpísmenné označení... | BREN | 0 |